Normal view
MARC view
Entry Geographic Name
001 - CONTROL NUMBER
- control field: 47872
003 - CONTROL NUMBER IDENTIFIER
- control field: ARRUPE
005 - DATE AND TIME OF LATEST TRANSACTION
- control field: 20190820110408.0
008 - FIXED-LENGTH DATA ELEMENTS
- fixed length control field: 190820|| aca||aabn | a|a d
040 ## - CATALOGING SOURCE
- Original cataloging agency: ARRUPE
- Transcribing agency: ARRUPE
151 ## - HEADING--GEOGRAPHIC NAME
- Geographic name: Zambia
- General subdivision: Foreign relations.
670 ## - SOURCE DATA FOUND
- Source citation: Work cat.: (ARRUPE)0: Mwaanga, Vernon J. (Vernon Johnson), 1944- 47870, The long sunset :, 2008.